College Football Matchups: Oregon - Statistics

General Stats
  • This quiz has been taken 112 times
    25 since last reset
  • The average score is 13 of 16
Answer Stats
Games Opponent Subdivision % Correct
129 Oregon State Group of 5
96%
118 Washington Power 4
96%
46 Arizona Power 4
92%
39 Arizona State Power 4
92%
65 USC Power 4
92%
101 Washington State Group of 5
92%
25 Colorado Power 4
88%
73 UCLA Power 4
88%
86 California Power 4
83%
37 Utah Power 4
83%
12 Ohio State Power 4
79%
87 Stanford Power 4
79%
60 Idaho FCS
75%
10 Fresno State Group of 5
67%
19 San Jose State Group of 5
67%
12 Air Force Group of 5
42%
No matching quizzes found
Score Distribution
Percent of People with Each Score
Percentile by Number Answered
Your Score History
You have not taken this quiz since the last reset